| 000 | 00758 a2200205 4500 | ||
|---|---|---|---|
| 010 | _aENG-89111 | ||
| 020 |
_a8124113691 _c150.00 |
||
| 035 | _aEN-72644 | ||
| 037 | _bDBAD / PUB | ||
| 082 | 1 | 4 | _a320.954 |
| 090 |
_c10296 _d10296 |
||
| 100 | 1 | _aChandra, Bipan | |
| 245 | 1 |
_aIdeology and politics in modern India/ _cby Bipan Chandra |
|
| 260 |
_aNew Delhi _bHar-Anand Publications Pvt. Ltd. _c2008 (repr) |
||
| 270 |
_aE-49/3, Okhla Industrial Area, Phase-II _bNew Delhi _e110 020 _k011- 41603490 _l011-41708607 _mharanand@rediffmail.com |
||
| 300 |
_axiii, 329 p. _c22 cm ( pbk.) |
||
| 500 | _aIncludes Index | ||
| 942 |
_adpl _cEN _k320.954 / CHA |
||
| 999 |
_c10046 _d10046 |
||